00801nam a2200205 i 450000100060000000300090000600500170001500700030003200800410003524501100007626000520018630000200023850501440025870000180040270000230042074000490044374000360049274000410052885200260056921984ES-MaACL20230906152602.0t|021129s1916 sp ||||1| spa d00aAlemania y la guerra europea / cpor Otto Hintze... [et al.] ; traducción directa por Faustino Balvé. aBarcelona : b[s.n., c1916] (fLa Académica) a3 v. ; c19 cm.8 aV. I: Alemania, su política y sus instituciones. -- V. II: Aliados y enemigos de Alemania. -- V. III: Génesis y espíritu de la guerra1 aHintze, Otto.1 aBalvé, Faustino.0 aAlemania, su política y sus instituciones.0 aAliados y enemigos de Alemania.0 aGénesis y espíritu de la guerra. aES-MaACLjF-7217-7219